[Event "17th Africa-ch"]
[Site "Lagos NGR"]
[Date "2022.09.26"]
[Round "8"]
[White "Mahamat, Hachim Bachar"]
[Black "Fomevor, Cephas Clinton"]
[Result "0-1"]
[WhiteElo "1815"]
[BlackElo "1803"]
[EventDate "2022.09.18"]
[PlyCount "108"]

1.e4 c6 2.d4 d5 3.Nc3 dxe4 4.Nxe4 Nd7 5.Qe2 e6 6.Bf4 Ndf6 7.Nf3 Nxe4 8.
Qxe4 Nf6 9.Qd3 Bd6 10.Bg3 Qc7 11.Be2 O-O 12.Ne5 c5 13.Nc4 Bxg3 14.hxg3 Rd8
15.c3 cxd4 16.cxd4 b6 17.Ne5 h6 18.O-O Bb7 19.Rac1 Qd6 20.Rfd1 Rac8 21.Rc3
Nd5 22.Rxc8 Rxc8 23.Bh5 Rc7 24.a3 Nf6 25.Bf3 Bxf3 26.Qxf3 Qd5 27.Rd2 Kf8 
28.Qf4 Rc1+ 29.Kh2 Qa2 30.g4 Qb1 31.Nd3 Rh1+ 32.Kg3 Kg8 33.f3 h5 34.Qb8+ 
Kh7 35.gxh5 Nxh5+ 36.Kg4 Qg1 37.Qe5 f6 38.Qxe6 Qh2 39.Qe4+ Kh6 40.Qe3+ g5 
41.Qe7 Qg3+ 42.Kf5 Qb8 43.Rc2 Qg8 44.Ne5 Rh4 45.Nf7+ Kh7 46.Nxg5+ Kh6 47.
Nf7+ Kh7 48.Rc7 Rf4+ 49.Ke6 Ng7+ 50.Kd7 Rxd4+ 51.Nd6 Kg6 52.Rc6 Qd5 53.Kc7
Ne6+ 54.Qxe6 Qxe6 0-1

[Event "17th Africa-ch"]
[Site "Lagos NGR"]
[Date "2022.09.27"]
[Round "9"]
[White "Amin, Bassem"]
[Black "Solomon, Kenny"]
[Result "1-0"]
[WhiteElo "2663"]
[BlackElo "2356"]
[EventDate "2022.09.18"]
[PlyCount "51"]

1.Nf3 d5 2.g3 g6 3.c4 dxc4 4.Na3 Nc6 5.Nxc4 Bg7 6.d3 e5 7.Bd2 Nge7 8.b4 a6
9.Bg2 Be6 10.Rc1 f6 11.a4 Qd7 12.O-O g5 13.b5 axb5 14.axb5 Nd8 15.b6 c6 
16.Bb4 Nf7 17.Nfd2 Nd5 18.Bc5 Bf8 19.Nb3 Be7 20.Qd2 f5 21.e4 Nf6 22.exf5 
Bxf5 23.Rfe1 Bxc5 24.Nxc5 Qe7 25.Nxe5 Nxe5 26.Qxg5 1-0

[Event "17th Africa-ch"]
[Site "Lagos NGR"]
[Date "2022.09.27"]
[Round "9"]
[White "Rakotomaharo, Fy Antenaina"]
[Black "Aikhoje, Odion"]
[Result "1-0"]
[WhiteElo "2492"]
[BlackElo "2239"]
[EventDate "2022.09.18"]
[PlyCount "59"]

1.e4 Nf6 2.e5 Nd5 3.d4 d6 4.c4 Nb6 5.f4 dxe5 6.fxe5 Nc6 7.Be3 Bf5 8.Nc3 e6
9.Be2 Qd7 10.Nf3 O-O-O 11.O-O f6 12.Qe1 fxe5 13.dxe5 Qe8 14.Nb5 Bd3 15.
Bxd3 Rxd3 16.Qe2 Rd7 17.a4 a6 18.Nd6+ cxd6 19.Bxb6 dxe5 20.Rad1 Bb4 21.
Nxe5 Rxd1 22.Rxd1 Ba5 23.Bxa5 Nxa5 24.b4 Nc6 25.b5 Nb8 26.Qf2 Qh5 27.Qc5+ 
Nc6 28.Rd6 Qe2 29.Rxc6+ Kb8 30.Nd7+ 1-0

[Event "17th Africa-ch"]
[Site "Lagos NGR"]
[Date "2022.09.27"]
[Round "9"]
[White "Ortega, Amarelle Mariano"]
[Black "Balogun, Oluwafemi Daniel"]
[Result "1-0"]
[WhiteElo "2474"]
[BlackElo "2240"]
[EventDate "2022.09.18"]
[PlyCount "119"]

1.d4 Nf6 2.c4 g6 3.Nc3 Bg7 4.e4 d6 5.Be2 O-O 6.Be3 Nc6 7.d5 Ne5 8.f4 Neg4 
9.Bd2 Nh6 10.h3 e6 11.g4 exd5 12.exd5 Re8 13.Qc2 b5 14.cxb5 Bb7 15.Qd3 Nd7
16.O-O-O a6 17.f5 axb5 18.Qxb5 Ba6 19.Qxa6 Rxa6 20.Bxa6 Qb8 21.Nge2 Qb4 
22.Kc2 Nc5 23.Bd3 Nxd3 24.Kxd3 Qxb2 25.f6 Nxg4 26.hxg4 Bxf6 27.Rb1 Qa3 28.
Rhe1 Bh4 29.Rf1 Qa6+ 30.Rb5 Re5 31.a4 h5 32.gxh5 Rxh5 33.Be3 g5 34.Rf5 Rh7
35.Bxg5 Bxg5 36.Rxg5+ Kf8 37.Rg3 Rh4 38.Nd4 Qc8 39.Ne4 Rh3 40.Ne6+ fxe6 
41.Rxh3 Kg7 42.Rg3+ Kf7 43.Ng5+ Kf6 44.Nxe6 c6 45.Rf3+ Ke7 46.Rb7+ Qxb7 
47.Rf7+ Kxf7 48.Nd8+ Ke7 49.Nxb7 Kd7 50.Kc4 Kc7 51.dxc6 Kxc6 52.Na5+ Kb6 
53.Nb3 Kc6 54.Nd4+ Kb6 55.Kb4 Ka6 56.a5 Kb7 57.Kb5 Ka7 58.a6 Kb8 59.Kb6 
Ka8 60.a7 1-0

[Event "17th Africa-ch"]
[Site "Lagos NGR"]
[Date "2022.09.27"]
[Round "9"]
[White "Abdulraheem, Abdulrahman Akintoye"]
[Black "Lungu, Nase"]
[Result "1/2-1/2"]
[WhiteElo "2277"]
[BlackElo "2261"]
[EventDate "2022.09.18"]
[PlyCount "63"]

1.d4 d5 2.c4 dxc4 3.Nf3 Nf6 4.e3 Bg4 5.Bxc4 e6 6.O-O a6 7.Be2 c5 8.b3 Nc6 
9.Bb2 Rc8 10.Nbd2 Be7 11.dxc5 Bxc5 12.Rc1 Be7 13.Nc4 O-O 14.h3 Bh5 15.Qxd8
Rfxd8 16.Nb6 Rb8 17.Bxa6 Nb4 18.Bb5 Nxa2 19.Rcd1 Nb4 20.Be5 Rxd1 21.Rxd1 
Rd8 22.Rxd8+ Bxd8 23.Nc4 Ne4 24.Nd6 Nc5 25.Bc4 Be7 26.Nc8 Bf8 27.Nd4 Bd1 
28.Kf1 Nbd3 29.Bd6 e5 30.b4 exd4 31.bxc5 Nxc5 32.exd4 1/2-1/2

[Event "17th Africa-ch"]
[Site "Lagos NGR"]
[Date "2022.09.27"]
[Round "9"]
[White "Mulenga, Prince Daniel"]
[Black "Adebayo, Adegboyega Joel"]
[Result "0-1"]
[WhiteElo "2171"]
[BlackElo "2267"]
[EventDate "2022.09.18"]
[PlyCount "66"]

1.c4 e5 2.g3 Nc6 3.Bg2 Bc5 4.Nc3 a6 5.e3 d6 6.Nge2 Ba7 7.d3 Nge7 8.a3 Rb8 
9.b4 b5 10.O-O Bd7 11.cxb5 axb5 12.d4 exd4 13.Nxd4 Nxd4 14.exd4 O-O 15.Bb2
Nf5 16.Ne4 c6 17.Rc1 d5 18.Nc5 Nd6 19.Rc3 Nc4 20.Bc1 Re8 21.h4 Ra8 22.Bg5 
Qc8 23.h5 Bxc5 24.dxc5 h6 25.Bc1 Bg4 26.Qd4 Bxh5 27.Rxc4 bxc4 28.b5 Qf5 
29.bxc6 Bf3 30.Bb2 f6 31.Bxf3 Qxf3 32.Rd1 Re5 33.c7 Rh5 0-1

[Event "17th Africa-ch"]
[Site "Lagos NGR"]
[Date "2022.09.27"]
[Round "9"]
[White "Rehan, Deng Cypriano"]
[Black "Ajibola, Olanrewaju"]
[Result "0-1"]
[WhiteElo "2145"]
[BlackElo "2285"]
[EventDate "2022.09.18"]
[PlyCount "98"]

1.Nf3 d5 2.d4 e6 3.Bf4 c5 4.e3 Qb6 5.Qc1 Bd7 6.a4 Nc6 7.c3 Rc8 8.Nbd2 Nf6 
9.Bd3 cxd4 10.exd4 Nh5 11.Be3 Bd6 12.O-O f5 13.Nb1 Qc7 14.Re1 O-O 15.Qd1 
Nf6 16.Na3 a6 17.c4 Nb4 18.c5 Be7 19.Bf1 Nc6 20.Bd2 Ne4 21.b4 Bf6 22.Nc2 
Ra8 23.Ra3 Be8 24.Qc1 Bh5 25.Bf4 Qc8 26.Rd3 Qd8 27.Ne5 g5 28.Nxc6 bxc6 29.
Be5 g4 30.h3 Qe7 31.Rb3 Bxe5 32.dxe5 a5 33.Nd4 Rfc8 34.hxg4 fxg4 35.Bd3 
Nxf2 36.Qh6 Nxd3 37.Rxd3 Bg6 38.Rg3 axb4 39.Rxg4 Re8 40.Re3 Qg7 41.Qg5 
Rxa4 42.Nxc6 Ra1+ 43.Kh2 Rc1 44.Rxb4 Rxc5 45.Nd4 Rc4 46.Reb3 Qe7 47.Qxe7 
Rxe7 48.Rxc4 dxc4 49.Rb8+ Re8 0-1

[Event "17th Africa-ch"]
[Site "Lagos NGR"]
[Date "2022.09.27"]
[Round "9"]
[White "Paiva, Donaldo"]
[Black "Eyetonghan, Denyefa Callistus"]
[Result "0-1"]
[WhiteElo "2207"]
[BlackElo "2079"]
[EventDate "2022.09.18"]
[PlyCount "46"]

1.d4 g6 2.e4 Bg7 3.Nc3 d6 4.Be3 a6 5.Qd2 b5 6.a4 b4 7.Nd1 Nf6 8.f3 a5 9.c3
Na6 10.Bb5+ Bd7 11.Ne2 O-O 12.O-O c6 13.Bxa6 Rxa6 14.cxb4 axb4 15.Qxb4 Qa8
16.a5 Rb8 17.Qa3 Rb5 18.b4 Qb8 19.Bd2 c5 20.dxc5 dxc5 21.bxc5 e5 22.Ndc3 
Rb3 23.Rfb1 Rxb1+ 0-1

[Event "17th Africa-ch"]
[Site "Lagos NGR"]
[Date "2022.09.27"]
[Round "9"]
[White "Olape, Bunmi"]
[Black "John, Henry"]
[Result "1-0"]
[WhiteElo "2250"]
[BlackElo "2245"]
[EventDate "2022.09.18"]
[PlyCount "53"]

1.e4 c5 2.Nf3 d6 3.d4 cxd4 4.Nxd4 Nf6 5.Nc3 a6 6.Bg5 e6 7.f4 Bd7 8.Qf3 Nc6
9.Nb3 Qc7 10.O-O-O O-O-O 11.Be2 Be7 12.Kb1 Kb8 13.Qe3 Ne8 14.Bxe7 Nxe7 15.
Bf3 Nc8 16.Rd4 Na7 17.Rhd1 Nc6 18.R4d2 Bc8 19.Na4 Na5 20.Nb6 Nc4 21.Nxc4 
Qxc4 22.Rd4 Qc7 23.e5 Rd7 24.Qd2 d5 25.Qb4 Qc6 26.c4 Nc7 27.Na5 1-0

[Event "17th Africa-ch"]
[Site "Lagos NGR"]
[Date "2022.09.27"]
[Round "9"]
[White "Zhemba, Jemusse"]
[Black "Kigigha, Bomo Lovet"]
[Result "1/2-1/2"]
[WhiteElo "2232"]
[BlackElo "2196"]
[EventDate "2022.09.18"]
[PlyCount "225"]

1.e4 c5 2.Nf3 Nc6 3.c3 d5 4.e5 a6 5.d4 Bg4 6.Be3 cxd4 7.cxd4 Qb6 8.Nc3 e6 
9.a3 Nge7 10.Na4 Qc7 11.Rc1 Nf5 12.Bd3 Be7 13.O-O O-O 14.h3 Bh5 15.b4 f6 
16.Bxf5 exf5 17.Bf4 fxe5 18.Bxe5 Bd6 19.Qb3 Bxf3 20.Qxf3 Bxe5 21.Qxd5+ Qf7
22.Qxf7+ Rxf7 23.dxe5 Nxe5 24.Rfd1 Re7 25.Rd5 g6 26.Nb6 Rae8 27.Rd6 Nf7 
28.Rdd1 Re6 29.Nd5 Rd6 30.Nf4 Rxd1+ 31.Rxd1 Re7 32.h4 Kg7 33.f3 h6 34.Rd5 
g5 35.Nd3 Kf6 36.Kf2 b6 37.a4 Ke6 38.Rd4 Rc7 39.hxg5 hxg5 40.a5 bxa5 41.
bxa5 Rc2+ 42.Kg3 Ra2 43.Nc5+ Ke5 44.Rd7 Kf6 45.Rd5 f4+ 46.Kh3 Ne5 47.Ne4+ 
Ke6 48.Rd6+ Ke7 49.Rxa6 Ra1 50.Kh2 g4 51.fxg4 Nxg4+ 52.Kh3 Ne3 53.Kh4 
Nxg2+ 54.Kg4 Ra4 55.Ra7+ Kd8 56.Nc5 Ne3+ 57.Kf3 Rc4 58.Ne6+ Kc8 59.a6 Nd5 
60.Ra8+ Kd7 61.a7 Nb6 62.Rb8 Rc3+ 63.Kxf4 Ra3 64.Rxb6 Rxa7 65.Nd4 Ra1 66.
Ke5 Ra5+ 67.Nb5 Ra1 68.Kd5 Rd1+ 69.Nd4 Ke7 70.Rb2 Kf6 71.Rg2 Ra1 72.Rf2+ 
Kg6 73.Nc6 Kg5 74.Ne7 Rd1+ 75.Ke5 Re1+ 76.Kd6 Rd1+ 77.Nd5 Kg4 78.Rf8 Kg5 
79.Rf3 Kg4 80.Re3 Ra1 81.Ke5 Ra5 82.Rd3 Rb5 83.Rd4+ Kf3 84.Kf5 Ra5 85.Rd2 
Rb5 86.Rd3+ Ke2 87.Ke4 Rb8 88.Nf4+ Kf2 89.Rf3+ Ke1 90.Rd3 Re8+ 91.Kf3 Rf8 
92.Rd7 Rf6 93.Ke3 Rf8 94.Ng2+ Kf1 95.Rd2 Re8+ 96.Kf3 Rf8+ 97.Nf4 Ke1 98.
Rd7 Rf6 99.Ke3 Rf8 100.Rd6 Re8+ 101.Ne6 Rh8 102.Ng5 Re8+ 103.Ne4 Rh8 104.
Rd2 Rh3+ 105.Kd4 Rh8 106.Ra2 Rh4 107.Ke5 Rh8 108.Kf4 Rh4+ 109.Kf3 Rh3+ 
110.Ng3 Rh8 111.Ke3 Re8+ 112.Ne4 Kd1 113.Rd2+ 1/2-1/2

[Event "17th Africa-ch"]
[Site "Lagos NGR"]
[Date "2022.09.27"]
[Round "9"]
[White "Kabwe, Timothy"]
[Black "Okeke, Isaac Chukwudalu"]
[Result "0-1"]
[WhiteElo "2206"]
[BlackElo "2180"]
[EventDate "2022.09.18"]
[PlyCount "46"]

1.d4 d5 2.Nf3 Nf6 3.Bf4 g6 4.h3 Bg7 5.e3 O-O 6.c4 c5 7.Nc3 cxd4 8.exd4 Nc6
9.c5 Ne4 10.Be2 Qa5 11.Bd2 Nxd2 12.Qxd2 e5 13.Nxd5 Qxd2+ 14.Kxd2 e4 15.Ne1
Rd8 16.Nc3 Nxd4 17.Nc2 Nb3+ 18.Ke1 Nxa1 19.Nxa1 Bxc3+ 20.bxc3 Be6 21.c4 b6
22.f3 exf3 23.Bxf3 Rac8 0-1

[Event "17th Africa-ch"]
[Site "Lagos NGR"]
[Date "2022.09.27"]
[Round "9"]
[White "Phiri, Richmond"]
[Black "De Gondo, Simplice Armel"]
[Result "1-0"]
[WhiteElo "2351"]
[BlackElo "2119"]
[EventDate "2022.09.18"]
[PlyCount "155"]

1.c4 c5 2.g3 Nc6 3.Bg2 g6 4.Nc3 Bg7 5.Nf3 Nf6 6.O-O O-O 7.a3 d5 8.cxd5 
Nxd5 9.Nxd5 Qxd5 10.d3 Qd6 11.Nd2 Bf5 12.Ne4 Bxe4 13.Bxe4 Rac8 14.Rb1 Rfd8
15.b3 b5 16.Bf4 Be5 17.Be3 Nd4 18.f4 Bg7 19.Bf2 c4 20.bxc4 bxc4 21.dxc4 
Qxa3 22.e3 Nf5 23.Qe2 Rc7 24.Rfd1 Rxd1+ 25.Rxd1 Nd6 26.Bd3 Qc3 27.Be1 Qa3 
28.Rb1 Bc3 29.Bf2 Bb4 30.Qc2 a5 31.Rb3 Qa1+ 32.Kg2 f5 33.h3 e5 34.e4 fxe4 
35.Bxe4 Kg7 36.Bd5 Nf5 37.Rb1 Qc3 38.Qxc3 Bxc3 39.Rb3 Bd4 40.fxe5 Bxe5 41.
Bb6 Re7 42.Bxa5 Ra7 43.Be1 Ra2+ 44.Kf1 Bd4 45.Bc3 Nxg3+ 46.Ke1 Bxc3+ 47.
Rxc3 Nf5 48.c5 Ra5 49.Bb7 Ne7 50.c6 Re5+ 51.Kf2 Rf5+ 52.Kg2 Rg5+ 53.Kh2 
Nxc6 54.Bxc6 Rf5 55.Bf3 Rf7 56.Kg3 Ra7 57.Kf4 Rf7+ 58.Ke5 Rf5+ 59.Ke4 Rf7 
60.Bg4 Rf1 61.Ke5 Rf7 62.Be6 Ra7 63.Bd5 Re7+ 64.Kd6 Ra7 65.Rc6 Kf6 66.Rc3 
Kg7 67.Rf3 Ra6+ 68.Bc6 Ra7 69.Bd7 Ra1 70.Ke7 Ra7 71.Rf7+ Kh6 72.Kf8 Rb7 
73.Re7 Ra7 74.Kg8 Ra8+ 75.Be8 Kg5 76.Kxh7 Ra3 77.Bd7 Kf6 78.Re6+ 1-0

[Event "17th Africa-ch"]
[Site "Lagos NGR"]
[Date "2022.09.27"]
[Round "9"]
[White "Okemakinde, Toluwanimi"]
[Black "Gong, Thon Gong"]
[Result "0-1"]
[WhiteElo "2083"]
[BlackElo "2166"]
[EventDate "2022.09.18"]
[PlyCount "56"]

1.e4 c5 2.Nf3 a6 3.c3 d5 4.e5 Nc6 5.d4 Bg4 6.Be3 e6 7.Be2 Nge7 8.Qd2 cxd4 
9.cxd4 Nf5 10.O-O Bb4 11.Nc3 O-O 12.a3 Ba5 13.h3 Bxf3 14.Bxf3 Bb6 15.Ne2 
Na5 16.Qd3 Nc4 17.b3 Ncxe3 18.fxe3 Qg5 19.e4 dxe4 20.Bxe4 Nxd4 21.Kh1 Nxe2
22.Qxe2 Bd4 23.Rae1 Bc3 24.Rc1 Bxe5 25.Rc5 f6 26.Qg4 Qxg4 27.hxg4 Rab8 28.
g3 Rfd8 0-1

[Event "17th Africa-ch"]
[Site "Lagos NGR"]
[Date "2022.09.27"]
[Round "9"]
[White "Lapite, Oluwadurotimi"]
[Black "Emmanuel, Joy Idara"]
[Result "1/2-1/2"]
[WhiteElo "2136"]
[BlackElo "2116"]
[EventDate "2022.09.18"]
[PlyCount "50"]

1.Nf3 Nf6 2.c4 g6 3.Nc3 Bg7 4.e4 d6 5.d4 O-O 6.h3 e5 7.d5 Na6 8.Be3 c6 9.
g4 cxd5 10.cxd5 Nc5 11.Nd2 Ne8 12.h4 f5 13.g5 Nxe4 14.Ndxe4 fxe4 15.Bg2 
Bf5 16.Bxe4 Rc8 17.Qd3 Qa5 18.a3 Rxc3 19.bxc3 Bxe4 20.Qxe4 Qxc3+ 21.Ke2 
Qb2+ 22.Kd3 Qb5+ 23.Kd2 Qb2+ 24.Kd3 Qb5+ 25.Kd2 Qb2+ 1/2-1/2

[Event "17th Africa-ch"]
[Site "Lagos NGR"]
[Date "2022.09.27"]
[Round "9"]
[White "Adu, Oladapo"]
[Black "Etukakpan, Leonard"]
[Result "1/2-1/2"]
[WhiteElo "2026"]
[BlackElo "2113"]
[EventDate "2022.09.18"]
[PlyCount "70"]

1.e4 d6 2.d4 e5 3.Nf3 Bg4 4.dxe5 Bxf3 5.Qxf3 dxe5 6.Bc4 Nf6 7.Qb3 Bc5 8.
Bxf7+ Kf8 9.Be3 Nbd7 10.Bc4 Nxe4 11.Qxb7 Nd6 12.Qf3+ Ke7 13.Bxc5 Nxc5 14.
Qd5 Nd7 15.Nc3 Kf8 16.Bb3 g6 17.O-O Kg7 18.f4 Re8 19.fxe5 Rxe5 20.Qd2 Qh4 
21.Rf4 Qg5 22.Raf1 Rf8 23.Qd4 Nf6 24.h4 Qh5 25.g4 Qxh4 26.Bd5 Rg5 27.Bg2 
Rxg4 28.Rxg4 Qxg4 29.Qxa7 Rf7 30.Qe3 Nf5 31.Qf4 Qh5 32.Re1 Ng4 33.Bf3 Qh4 
34.Re2 Nfe3 35.Qd4+ Kh6 1/2-1/2

[Event "17th Africa-ch"]
[Site "Lagos NGR"]
[Date "2022.09.27"]
[Round "9"]
[White "Onokpite, Kennedy"]
[Black "Chimthere, Alfred Charles"]
[Result "1/2-1/2"]
[WhiteElo "2095"]
[BlackElo "2027"]
[EventDate "2022.09.18"]
[PlyCount "224"]

1.e4 c6 2.Nc3 d5 3.Nf3 Bg4 4.h3 Bxf3 5.Qxf3 e6 6.g3 Nf6 7.Bg2 Be7 8.O-O d4
9.Nb1 e5 10.d3 O-O 11.Qe2 Nbd7 12.Nd2 Rc8 13.f4 c5 14.Nf3 Bd6 15.Nh4 g6 
16.f5 Kg7 17.Nf3 h6 18.fxg6 fxg6 19.Nh4 Qe7 20.Kh2 Qe6 21.b3 Be7 22.Bf3 b5
23.a4 a6 24.axb5 axb5 25.Ra7 Qb6 26.Qd2 Rh8 27.Qa5 Qxa5 28.Rxa5 c4 29.Rxb5
cxd3 30.cxd3 Rc3 31.Rd1 Rb8 32.Rxb8 Nxb8 33.Bd2 Rxb3 34.Bg2 Nbd7 35.Nf3 g5
36.Bf1 Rb2 37.Bg2 Kf7 38.g4 Ke6 39.Kg3 Nc5 40.Bf1 Rb3 41.Be1 Bd8 42.Kg2 
Nfd7 43.h4 Nf6 44.Nh2 Kd6 45.hxg5 hxg5 46.Bg3 Nfd7 47.Nf3 Ne6 48.Ra1 Nf4+ 
49.Bxf4 gxf4 50.g5 Nc5 51.Ra8 Be7 52.Ra7 Rb7 53.Rxb7 Nxb7 54.Kh3 Ke6 55.
Kg4 Bd6 56.Kh5 Kf7 57.Be2 Nc5 58.Ne1 Kg7 59.Bd1 Bf8 60.Bc2 Kf7 61.Bb1 Kg7 
62.Nf3 Bd6 63.Kg4 Bc7 64.Kf5 Bb8 65.Bc2 Bc7 66.Ne1 Bb8 67.Bd1 Bc7 68.Be2 
Kf7 69.Nf3 Nd7 70.Bf1 Bb8 71.g6+ Kg7 72.Be2 Bc7 73.Bd1 Nc5 74.Bc2 Bb8 75.
Kg5 Bc7 76.Kh5 Bd6 77.Nh4 Bf8 78.Nf3 Kf6 79.Nh2 Bg7 80.Ng4+ Ke6 81.Bb1 Kd6
82.Nf2 Ke6 83.Ba2+ Kf6 84.Bc4 Na4 85.Ng4+ Ke7 86.Kg5 Nb2 87.Nf2 Kd6 88.Ba6
Na4 89.Kf5 Nc3 90.Bc8 Ne2 91.Kg5 Ng3 92.Nh3 Nf1 93.Bg4 Ke7 94.Be2 Ne3 95.
Ng1 Ke6 96.Nf3 Ke7 97.Nd2 Kd6 98.Bg4 Ke7 99.Nb3 Nxg4 100.Kxg4 Kf6 101.Kh5 
f3 102.Nd2 f2 103.Nf1 Bf8 104.Nh2 Kg7 105.Kg5 Bd6 106.Kf5 Bc7 107.Nf1 Bb8 
108.Ng3 Bc7 109.Kg5 Ba5 110.Nf1 Bc7 111.Kh5 Bd8 112.Ng3 Bf6 1/2-1/2

[Event "17th Africa-ch"]
[Site "Lagos NGR"]
[Date "2022.09.27"]
[Round "9"]
[White "Onovughe, Ochuko Emmanuel"]
[Black "Amako, Marc Arnold"]
[Result "1-0"]
[WhiteElo "2087"]
[BlackElo "1555"]
[EventDate "2022.09.18"]
[PlyCount "107"]

1.d4 d5 2.c4 c6 3.Nc3 Nf6 4.Bf4 e6 5.Nf3 dxc4 6.a4 Bb4 7.Qc2 Nbd7 8.e4 b5 
9.Be2 Bb7 10.O-O a6 11.Rfd1 Nh5 12.Be3 Qf6 13.e5 Qf5 14.Qc1 Bxc3 15.bxc3 
g5 16.Nxg5 h6 17.Nf3 Rg8 18.Ne1 c5 19.axb5 cxd4 20.cxd4 axb5 21.Rxa8+ Bxa8
22.Qa3 Bd5 23.Qa6 Rg6 24.Qc8+ Ke7 25.Bd2 f6 26.Bb4+ Kf7 27.Qxd7+ Kg8 28.
Bxh5 Qxh5 29.f3 fxe5 30.Qe8+ Kh7 31.Qf7+ Kh8 32.Qf8+ Kh7 33.Ra1 Rg7 34.Qf6
e4 35.fxe4 Rf7 36.Qe5 Qe2 37.Nf3 Rg7 38.Qxg7+ Kxg7 39.exd5 exd5 40.Re1 Qb2
41.Bd6 c3 42.h4 c2 43.Bf4 b4 44.Re7+ Kf8 45.Rc7 b3 46.Bxh6+ Ke8 47.Bg5 
Qa1+ 48.Kh2 Qa6 49.Ne5 b2 50.Rd7 Qc8 51.Re7+ Kf8 52.Ng6+ Kg8 53.Bh6 Qb8+ 
54.g3 1-0

[Event "17th Africa-ch"]
[Site "Lagos NGR"]
[Date "2022.09.27"]
[Round "9"]
[White "Ebosse, Kingue Victor Patrick"]
[Black "Barcon, Harmon"]
[Result "0-1"]
[WhiteElo "2075"]
[BlackElo "1951"]
[EventDate "2022.09.18"]
[PlyCount "134"]

1.e4 e5 2.Nf3 d6 3.d4 Nf6 4.Nc3 exd4 5.Nxd4 Be7 6.Bf4 a6 7.Be2 Bd7 8.Qd3 
Nc6 9.Nxc6 Bxc6 10.O-O-O O-O 11.g4 Nd7 12.Kb1 b5 13.h4 Re8 14.g5 Bf8 15.f3
Ne5 16.Qd4 g6 17.Bxe5 dxe5 18.Qe3 Qe7 19.h5 Qc5 20.Qxc5 Bxc5 21.Nd5 Bxd5 
22.Rxd5 Bd6 23.hxg6 hxg6 24.c4 bxc4 25.Bxc4 Kg7 26.Ra5 Rh8 27.Rf1 Rh2 28.
f4 exf4 29.e5 Bb4 30.Rxa6 Rxa6 31.Bxa6 Bd2 32.Bc4 Rg2 33.Rd1 f3 34.Bd5 Rf2
35.Bxf3 Bxg5 36.Bd5 Bf4 37.Re1 Bg3 38.Re3 Bf4 39.Re1 g5 40.a4 Bd2 41.Re4 
Kg6 42.b4 Bc3 43.Rc4 Bxe5 44.a5 Rf1+ 45.Rc1 Rf4 46.Bc4 Rf2 47.Bd3+ Kf6 48.
Rc6+ Ke7 49.Rc4 Rf4 50.Be4 Rf1+ 51.Ka2 Ra1+ 52.Kb3 Ke6 53.Rc6+ Bd6 54.Bc2 
Kd5 55.Rc4 f6 56.Bd3 Ke6 57.Re4+ Be5 58.a6 f5 59.Re2 g4 60.Bb5 Kf6 61.Ba4 
Bd4 62.Rc2 g3 63.Rc6+ Kg5 64.Rxc7 g2 65.a7 Rxa4 66.Rg7+ Bxg7 67.Kxa4 g1=Q 
0-1

[Event "17th Africa-ch"]
[Site "Lagos NGR"]
[Date "2022.09.27"]
[Round "9"]
[White "Saah, Thomas"]
[Black "Ikhimiukor, Ehidiamen"]
[Result "0-1"]
[WhiteElo "1886"]
[BlackElo "1942"]
[EventDate "2022.09.18"]
[PlyCount "136"]

1.e4 e5 2.Nf3 Nc6 3.Bc4 Nf6 4.Ng5 d5 5.exd5 Na5 6.d3 Be7 7.d6 Bxd6 8.Nxf7 
Qe7 9.Nxh8 Nxc4 10.dxc4 Be6 11.Nd2 O-O-O 12.Qe2 Rxh8 13.b3 Bf5 14.c3 e4 
15.Bb2 Re8 16.Nf1 Bg4 17.Qd2 e3 18.Nxe3 Bf4 19.O-O Ne4 20.Qc2 Bf3 21.Nd5 
Bxh2+ 22.Kxh2 Qh4+ 23.Kg1 Re5 24.Qd3 Bxg2 25.Ne7+ Rxe7 26.Kxg2 Qg4+ 27.Kh2
Re5 28.Qh3 Rh5 29.Qxh5 Qxh5+ 30.Kg2 Qg4+ 31.Kh1 Qh3+ 32.Kg1 Qg4+ 33.Kh1 
Qf3+ 34.Kg1 h5 35.Rae1 h4 36.Re3 Qg4+ 37.Kh2 Qf4+ 38.Kg2 g5 39.Bc1 g4 40.
Rd3 h3+ 41.Kg1 Qf5 42.f4 gxf3 43.Rfxf3 Qg4+ 44.Kf1 Qg2+ 45.Ke1 b6 46.Rxh3 
Qg1+ 47.Ke2 Qxc1 48.Rhe3 Qh1 49.b4 Qg2+ 50.Ke1 Qf2+ 51.Kd1 Qf4 52.Kc2 Nd6 
53.c5 bxc5 54.bxc5 Qa4+ 55.Kb1 Qb5+ 56.Kc2 Nc4 57.Re4 Qxc5 58.Re8+ Kb7 59.
Rd4 Qf5+ 60.Kb3 Qb5+ 61.Kc2 Na3+ 62.Kc1 Qxe8 63.Rb4+ Ka6 64.c4 c5 65.Rb3 
Qe1+ 66.Kb2 Nxc4+ 67.Kc2 Qd2+ 68.Kb1 Qd1# 0-1

[Event "17th Africa-ch"]
[Site "Lagos NGR"]
[Date "2022.09.27"]
[Round "9"]
[White "Egbe, Kossi Thierry"]
[Black "Manyang, Peter Majur"]
[Result "0-1"]
[WhiteElo "1695"]
[BlackElo "2111"]
[EventDate "2022.09.18"]
[PlyCount "80"]

1.e4 c6 2.d4 d5 3.Nd2 dxe4 4.Nxe4 Bf5 5.Ng3 Bg6 6.Nf3 Nd7 7.Bc4 Ngf6 8.O-O
e6 9.Re1 Be7 10.c3 O-O 11.Nh4 Nd5 12.Nxg6 hxg6 13.Bxd5 cxd5 14.Bf4 Qb6 15.
Qd2 a5 16.Ne2 a4 17.a3 Qc6 18.Nc1 Nb6 19.Nd3 Nc4 20.Qc2 Rfc8 21.Ne5 Qb6 
22.Nxc4 Rxc4 23.Re3 Qxd4 24.Be5 Qb6 25.Qd2 Bg5 26.f4 Rxf4 27.Bxf4 Bxf4 28.
Re1 Rd8 29.Kh1 d4 30.cxd4 Rxd4 31.Qc2 Bxe3 32.Rxe3 Qc5 33.Rc3 Qh5 34.Rf3 
Qd5 35.h3 Rd1+ 36.Kh2 Rd2 37.Qc3 e5 38.b3 e4 39.Re3 Rd3 40.Rxd3 exd3 0-1

[Event "17th Africa-ch"]
[Site "Lagos NGR"]
[Date "2022.09.27"]
[Round "9"]
[White "Amega-Dzaka, Komi Nukunu"]
[Black "Lesbros, Bernard"]
[Result "0-1"]
[WhiteElo "1621"]
[BlackElo "1884"]
[EventDate "2022.09.18"]
[PlyCount "78"]

1.d4 Nf6 2.Nf3 c5 3.e3 g6 4.Bd3 Bg7 5.c3 Qc7 6.Nbd2 d5 7.Ne5 Nc6 8.Ndf3 
O-O 9.O-O Nd7 10.Nxd7 Bxd7 11.Re1 Rad8 12.Qe2 Bg4 13.h3 Bxf3 14.Qxf3 e5 
15.Qg3 Qe7 16.f3 Bf6 17.Qf2 Bh4 18.g3 Bf6 19.Bd2 Qd7 20.Kh2 exd4 21.exd4 
cxd4 22.c4 Ne5 23.Qf1 dxc4 24.Bxc4 Qc6 25.Be2 Qc2 26.f4 Nc6 27.Red1 d3 28.
Bf3 Bxb2 29.Rab1 Rfe8 30.Qg2 Nd4 31.Kh1 Re2 32.Bxe2 dxe2 33.Re1 Qxd2 34.
Qxb7 Bc3 35.Qe7 Nf5 36.Qc7 Qd5+ 37.Kh2 Bxe1 38.Rxe1 Qd1 39.Rg1 Qxg1+ 0-1

[Event "17th Africa-ch"]
[Site "Lagos NGR"]
[Date "2022.09.27"]
[Round "9"]
[White "Kpan Deckalet, Mario Prosper"]
[Black "Apollos, Akomaka"]
[Result "0-1"]
[WhiteElo "1591"]
[BlackElo "1909"]
[EventDate "2022.09.18"]
[PlyCount "72"]

1.c4 c6 2.Nc3 Nf6 3.e4 d6 4.d4 Nbd7 5.Be2 g6 6.Be3 Bg7 7.Qd2 h6 8.h4 Qc7 
9.f4 e5 10.Bf3 Nf8 11.Nge2 Ng4 12.fxe5 dxe5 13.d5 Nxe3 14.Qxe3 Nd7 15.Rc1 
O-O 16.b4 Nf6 17.c5 cxd5 18.Nxd5 Nxd5 19.exd5 Kh7 20.d6 Qd8 21.g4 Rb8 22.
g5 h5 23.Qd3 Bf5 24.Qd2 e4 25.Bg2 Qd7 26.Nd4 e3 27.Qd1 Bg4 28.Qd3 Qa4 29.
a3 e2 30.Kf2 f6 31.Kg3 fxg5 32.Be4 gxh4+ 33.Rxh4 Bxd4 34.Qxd4 Qxa3+ 35.Qd3
Qxc1 36.Bxg6+ Kg7 0-1

[Event "17th Africa-ch"]
[Site "Lagos NGR"]
[Date "2022.09.27"]
[Round "9"]
[White "Fomevor, Cephas Clinton"]
[Black "Botsoe, Koffi"]
[Result "1-0"]
[WhiteElo "1803"]
[BlackElo "1629"]
[EventDate "2022.09.18"]
[PlyCount "105"]

1.d4 Nf6 2.Nf3 c6 3.c4 e6 4.Nc3 h6 5.Bf4 Qa5 6.Qc2 Bb4 7.Bd2 O-O 8.e4 Qd8 
9.e5 Ne8 10.Bd3 f5 11.h4 d6 12.O-O-O Bd7 13.h5 b5 14.Nh4 bxc4 15.Bxc4 d5 
16.Bd3 c5 17.dxc5 Nc6 18.Ng6 Rf7 19.Ne2 Qa5 20.a3 Bxd2+ 21.Rxd2 Rc8 22.Kb1
Nb8 23.Rc1 Nc7 24.Qc3 Qa4 25.Nd4 Nc6 26.Be2 Rb8 27.Nxc6 Bxc6 28.Rd4 Qb3 
29.Qxb3 Rxb3 30.Bd1 Rb8 31.Ba4 Bxa4 32.Rxa4 Nb5 33.Ra6 Rfb7 34.b4 d4 35.
Kb2 Kf7 36.Kb3 Rd8 37.Nf4 Re7 38.a4 Nc3 39.Rd6 Rb8 40.Rxd4 Ne4 41.f3 Ng3 
42.Rcd1 Rbb7 43.Ng6 Rec7 44.Nf4 Re7 45.Rd6 Rbc7 46.c6 Ke8 47.b5 Kf7 48.a5 
Ke8 49.Nxe6 Rxe6 50.Rxe6+ Kf7 51.Red6 Nxh5 52.Rd7+ Rxd7 53.cxd7 1-0